Stanovenie zasoľujúcich iónov v pôdnom profile vo vybraných lokalitách Podunajskej nížiny

Bibliographic Details
Main Author: Kováčová, Viera (Author)
Format: Article
Language:Slovak
PhysicalDescription:Grafy, sch., tab.
ISSN:1335-6291
Subjects:

MARC

LEADER 00000nab a2200000 a 4500
001 vtls000824721
003 SK-MaSNL
005 20260304111520.0
008 250429c2002 xo 0 slo
015 |a SNBRB2003/02-04428 
035 |a CLN000176376 
035 |a urn:nbn:sk:snk-abpir 
035 |a (urnnbn)urn:nbn:sk:snk:ar-a06lc0 
035 |a (uuid)036c97ad-6002-44ba-9099-3f81f9eda603 
040 |a SNKBUCL  |b slo  |c SNKBUCL  |e AACR2 
041 0 |a slo 
044 |a xo  |c SK 
080 |a 631.413.3(437.6)  |2 1997 
080 |a 556.3(437.6)  |2 1997 
080 |a 631.432(437.6)  |2 1997 
100 1 |a Kováčová, Viera  |4 aut  |9 281209 
245 1 0 |a Stanovenie zasoľujúcich iónov v pôdnom profile vo vybraných lokalitách Podunajskej nížiny  |c Viera Kováčová 
300 |b Grafy, sch., tab. 
504 |a Res. angl. 
504 |a Bibliogr. odkazy 
650 0 7 |a pôda  |2 snkbucl  |9 1159 
650 0 7 |a látky zasoľujúce  |2 snkbucl  |9 1191718 
650 0 7 |a voda pôdna  |2 snkbucl  |9 913907 
651 7 |a Podunajská nížina (Slovensko)  |2 snkbucl  |9 23006 
655 7 |a články z novín a časopisov  |2 snkbucl  |9 267496 
773 0 |t Acta hydrologica slovaca  |g Roč. 3, č. 1 (2002), s. 61-68  |x 1335-6291 
850 |a Slovenská národná knižnica 
852 |a Slovenská národná knižnica 
954 |a odborná, vedecká literatúra pôvodná (slovenská)  |2 lita 
958 |a article27 
958 |a NB 
958 |a SK 
958 |a OND 
958 |a EUIPO 
999 |c 2862635  |d 2864565